Cornwall Cities Sudden Death - Statistics

General Stats
  • This quiz has been taken 99 times
  • The average score is 12 of 19
Answers on the Grid
Answers color-coded by a green-red scale on the quiz's grid according to % correct below.
Bodmin
Bradworthy
Bude
Camborne
Carmarthen
Clovelly
Falmouth
Holsworthy
Launceston
Liskeard
Looe
Newquay
Newton Abbot
Padstow
Penryn
Penzance
Plymouth
Pontypool
Porthcawl
Porthleven
Redruth
Saltash
Sherborne
St Austell
St Ives
Tavistock
Tenby
Tintagel
Torpoint
Truro
 
Answer Stats
Answer % Correct
Falmouth
77%
Newquay
77%
Bodmin
75%
Truro
75%
St Ives
74%
Bude
71%
Penzance
68%
Camborne
66%
Liskeard
66%
Looe
65%
Redruth
65%
St Austell
65%
Padstow
63%
Launceston
62%
Penryn
58%
Saltash
57%
Tintagel
55%
Porthleven
49%
Torpoint
31%
No matching quizzes found
Score Distribution
Percent of People with Each Score
Percentile by Number Answered
Your Score History
You have not taken this quiz